Normal view
MARC view
- Long, Stephen I
Entry Personal Name
001 - CONTROL NUMBER
- control field: 103718
003 - CONTROL NUMBER IDENTIFIER
- control field: NUST
005 - DATE AND TIME OF LATEST TRANSACTION
- control field: 20221128155905.0
008 - FIXED-LENGTH DATA ELEMENTS
- fixed length control field: 221128|| aca||aabn | a|a d
040 ## - CATALOGING SOURCE
- Original cataloging agency: NUST
- Transcribing agency: NUST
100 ## - HEADING--PERSONAL NAME
- Personal name: Long, Stephen I
670 ## - SOURCE DATA FOUND
- Source citation: Work cat.: (NUST)182182: Long, Stephen I., Gallium arsenide digital integrated circuit design /, c1990.
